Visualizzazione normale
Vista MARC
- Elkind Rachel
di Personal Name
Records bibliografici associati: 1
001 - CONTROL NUMBER
- control field: 14903
003 - CONTROL NUMBER IDENTIFIER
- control field: IT-RoPau
005 - DATE AND TIME OF LATEST TRANSACTION
- control field: 20140226214229.0
008 - FIXED-LENGTH DATA ELEMENTS
- fixed length control field: 140226|| aca||aabn | a|a d
040 ## - CATALOGING SOURCE
- Original cataloging agency: IT-RoPau
- Transcribing agency: IT-RoPau
100 ## - HEADING--PERSONAL NAME
- Personal name: Elkind Rachel
- Dates associated with a name: Codice autoremusica SPICS: 13270
- Relator term: Autore musica
- Name of part/section of a work: Title Music From A Clockwork Orange - Theme From a Clockwork Orange: Beethoviana
670 ## - SOURCE DATA FOUND
- Source citation: Work cat.: (IT-RoPau)99562: AA.VV. 794, Clockwork Orange